00461cam a2200157 a 4500020002200000020002900022040000800051082002600059245004900085250001200134260003200146300006300178500002000241650002400261700001800285 a0393962873 (v. 1) a0393962881 (v. 1 : pbk.) cDLC00a820 NOR 1993 A096 Or.04aThe Norton anthology of English literature / a6th ed. aNew York :bNorton,cc1993- av. <1 > ;c25 cm. +e2 sound discs (digital ; 4 3/4 in.) aIncludes index. 0aEnglish literature.1 aAbrams, M. H.